01605nam a22003977a 4500003000500000005001700005008004100022010001000063011001000073035001000083040000900093090001000102100006300112245008900175260004000264300002800304502008900332590003700421590004100458590004100499590004100540590004200581650002700623650006100650650003300711650003100744650002800775901000700803942000900810949003600819949004100855949004000896999001700936952012600953952012801079CHAP20230822114556.0971010s1973 r 00010 d a64756 a65728 a73020 cCHAP aTesis00aOrtega Paczka, Rafael Ángel del Sagrado Corazón98385310aVariación en maíz y cambios socio - económicos en Chiapas, Méx., 1946 - 1971 aChapingo, Méx. :bEl autor,c1973 a199 h.b: ilus. ; mapas aTesis (M.C. Esp. en Botánica) -- ENA. Colegio de Postgraduados. Rama de Botánica aALEPHb10c20130110lUCH01h1354 aBATCH-UPDb10c20130110lUCH01h0450 aBATCH-UPDb10c20130410lUCH01h0615 aBATCH-UPDb10c20130914lUCH01h1330 aCONVERSIONb10c20130109lUCH01h133514aEtnobotánica.93861114aMaízxAspectos económicosxChiapaszChiapas.917544414aMaízxMejoramiento.97100614aMaízxVariedades.97108114aMaízzChiapas.971091 aBK cFOLL bBCcTESd-145079eTS1i73020si bBCcTESd-149110eTS2fc.2i73020si bCRcTESBDd-5777eTS1h69i73020si c64756d64756 00102local4053708TESISaBCbBCcPA_TESISd2012-12-17fTESISl0p-149110r2019-12-31 00:00:00tc.2w2019-12-31yTESIS 00102local4051708TESISaBCbBCcPA_TESISd2012-12-17fTESISl0oTesisp-145079r2019-12-31 00:00:00w2012-12-17yTESIS